000 00886nam a2200277 a 4500
001 000011232
003 DO-SdBNP
005 20220929095714.0
007 ta
008 091015s2006 dr 001 p spa d
020 _z11932271686
040 _aDO-SdBNP
_bspa
_cBNPHU
082 4 _aPR861.5
_bT231r
_222
100 1 _aTavárez Vales, Amarilis,
_d1974-
_926795
245 1 0 _aRealid(h)ades /
_cAmarilis Tavárez Vales.
260 _aSanto Domingo ;
_aSan Juan, Puerto Rico
_aIsla Negra,
_c2006.
300 _a60 p. ;
_c22 cm.
490 1 _aJosemilio González
500 _aIncluye datos biográficos de la autora en la solapa de la cubierta
590 _aInventariado, 2022/MFF
650 4 _aPoesía puertorriqueña
_91015
650 4 _aLiteratura puertorriqueña
_9250
830 0 _aJosemilio González
_96541
910 _aValidado. Control de calidad MFF
942 _2ddc
_cLBS1
999 _c10951
_d10951